<?xml version="1.0" encoding="UTF-8"?>
<record
    xmlns:xsi="http://www.w3.org/2001/XMLSchema-instance"
    xsi:schemaLocation="http://www.loc.gov/MARC21/slim http://www.loc.gov/standards/marcxml/schema/MARC21slim.xsd"
    xmlns="http://www.loc.gov/MARC21/slim">

  <leader>01257nam a2200241Ia 4500</leader>
  <controlfield tag="003">Ost</controlfield>
  <controlfield tag="005">20260507075457.0</controlfield>
  <controlfield tag="008">260507s9999||||xx |||||||||||||| ||und||</controlfield>
  <datafield tag="020" ind1=" " ind2=" ">
    <subfield code="a">9957120301</subfield>
  </datafield>
  <datafield tag="040" ind1=" " ind2=" ">
    <subfield code="c">fsecg</subfield>
  </datafield>
  <datafield tag="041" ind1=" " ind2=" ">
    <subfield code="a">ara</subfield>
  </datafield>
  <datafield tag="082" ind1=" " ind2=" ">
    <subfield code="a">330</subfield>
  </datafield>
  <datafield tag="100" ind1=" " ind2=" ">
    <subfield code="a">&#x627;&#x644;&#x628;&#x643;&#x631;&#x64A;&#x60C; &#x62B;&#x627;&#x645;&#x631;</subfield>
    <subfield code="e">&#x645;&#x624;&#x644;&#x641;</subfield>
  </datafield>
  <datafield tag="245" ind1=" " ind2="0">
    <subfield code="a">&#x627;&#x644;&#x62A;&#x633;&#x648;&#x64A;&#x642; &#x627;&#x644;&#x627;&#x62E;&#x636;&#x631; /</subfield>
    <subfield code="c"> &#x62B;&#x627;&#x645;&#x631; &#x627;&#x644;&#x628;&#x643;&#x631;&#x64A;</subfield>
  </datafield>
  <datafield tag="260" ind1=" " ind2=" ">
    <subfield code="a">&#x639;&#x645;&#x627;&#x646;: </subfield>
    <subfield code="b">&#x62F;&#x627;&#x631; &#x627;&#x644;&#x64A;&#x627;&#x632;&#x648;&#x631;&#x64A;, </subfield>
    <subfield code="c">2007</subfield>
  </datafield>
  <datafield tag="300" ind1=" " ind2=" ">
    <subfield code="a">264  &#x635;&#x641;&#x62D;&#x629;&#x61B; </subfield>
    <subfield code="b">&#x625;&#x64A;&#x636;&#x627;&#x62D;&#x627;&#x62A; &#x61B;</subfield>
    <subfield code="c">24 &#x633;&#x645;</subfield>
  </datafield>
  <datafield tag="520" ind1=" " ind2=" ">
    <subfield code="a">&#x645;&#x62F;&#x62E;&#x644; &#x641;&#x64A; &#x627;&#x644;&#x62A;&#x633;&#x648;&#x64A;&#x642; &#x648;&#x627;&#x644;&#x62A;&#x633;&#x648;&#x64A;&#x642; &#x627;&#x644;&#x623;&#x62E;&#x636;&#x631; -&#x627;&#x644;&#x628;&#x64A;&#x626;&#x629; &#x627;&#x644;&#x637;&#x628;&#x64A;&#x639;&#x64A;&#x629; &#x648;&#x627;&#x644;&#x62A;&#x633;&#x648;&#x64A;&#x642; &#x627;&#x644;&#x623;&#x62E;&#x636;&#x631; -&#x627;&#x644;&#x645;&#x632;&#x64A;&#x62C; &#x627;&#x644;&#x62A;&#x633;&#x648;&#x64A;&#x642;&#x64A; &#x627;&#x644;&#x623;&#x62E;&#x636;&#x631; -&#x627;&#x644;&#x645;&#x633;&#x62A;&#x647;&#x644;&#x643; &#x627;&#x644;&#x623;&#x62E;&#x636;&#x631; -&#x62A;&#x62C;&#x632;&#x626;&#x629; &#x633;&#x648;&#x642; &#x627;&#x644;&#x645;&#x633;&#x62A;&#x647;&#x644;&#x643; &#x627;&#x644;&#x623;&#x62E;&#x636;&#x631; -&#x627;&#x644;&#x634;&#x631;&#x627;&#x621; &#x627;&#x644;&#x623;&#x62E;&#x636;&#x631; &#x644;&#x645;&#x646;&#x638;&#x645;&#x627;&#x62A; &#x627;&#x644;&#x623;&#x639;&#x645;&#x627;&#x644; -&#x627;&#x644;&#x645;&#x646;&#x62A;&#x62C; &#x627;&#x644;&#x623;&#x62E;&#x636;&#x631; -&#x627;&#x644;&#x62A;&#x633;&#x639;&#x64A;&#x631; &#x639;&#x644;&#x649; &#x648;&#x641;&#x642;  &#x645;&#x62F;&#x62E;&#x644; &#x627;&#x644;&#x62A;&#x633;&#x648;&#x64A;&#x642; &#x627;&#x644;&#x623;&#x62E;&#x636;&#x631; -&#x62A;&#x631;&#x648;&#x64A;&#x62C; &#x627;&#x644;&#x645;&#x646;&#x62A;&#x62C;&#x627;&#x62A; &#x627;&#x644;&#x62E;&#x636;&#x631;&#x627;&#x621; -&#x62A;&#x648;&#x632;&#x64A;&#x639; &#x627;&#x644;&#x645;&#x646;&#x62A;&#x62C;&#x627;&#x62A; &#x627;&#x644;&#x62E;&#x636;&#x631;&#x627;&#x621; -&#x62D;&#x627;&#x644;&#x627;&#x62A; &#x62F;&#x631;&#x627;&#x633;&#x64A;&#x629; &#x641;&#x64A; &#x627;&#x644;&#x62A;&#x633;&#x648;&#x64A;&#x642; &#x627;&#x644;&#x623;&#x62E;&#x636;&#x631;</subfield>
  </datafield>
  <datafield tag="653" ind1=" " ind2=" ">
    <subfield code="a">&#x627;&#x644;&#x628;&#x627;&#x639;&#x629; &#x648;&#x641;&#x646; &#x627;&#x644;&#x628;&#x64A;&#x639;</subfield>
  </datafield>
  <datafield tag="653" ind1=" " ind2=" ">
    <subfield code="a">&#x627;&#x644;&#x62A;&#x633;&#x648;&#x64A;&#x642;</subfield>
  </datafield>
  <datafield tag="653" ind1=" " ind2=" ">
    <subfield code="a">&#x627;&#x644;&#x62A;&#x633;&#x648;&#x64A;&#x642;--&#x641;&#x644;&#x633;&#x641;&#x629;</subfield>
  </datafield>
  <datafield tag="700" ind1=" " ind2=" ">
    <subfield code="a">&#x627;&#x644;&#x646;&#x648;&#x631;&#x64A;&#x60C; &#x627;&#x62D;&#x645;&#x62F; &#x646;&#x632;&#x627;&#x631;</subfield>
    <subfield code="e">&#x645;&#x624;&#x644;&#x641; &#x62B;&#x627;&#x646;&#x648;&#x64A;</subfield>
  </datafield>
  <datafield tag="942" ind1=" " ind2=" ">
    <subfield code="c">&#x643;&#x62A;&#x627;&#x628;</subfield>
  </datafield>
  <datafield tag="952" ind1=" " ind2=" ">
    <subfield code="0">0</subfield>
    <subfield code="1">0</subfield>
    <subfield code="2">ddc</subfield>
    <subfield code="4">0</subfield>
    <subfield code="7">0</subfield>
    <subfield code="a">fsecg</subfield>
    <subfield code="b">fsecg</subfield>
    <subfield code="d">2026-05-07</subfield>
    <subfield code="h">&#x627;&#x644;&#x637;&#x627;&#x628;&#x642; &#x627;&#x644;&#x623;&#x631;&#x636;&#x64A;</subfield>
    <subfield code="i">3755</subfield>
    <subfield code="l">0</subfield>
    <subfield code="o">&#x623;/2809&#x646;1</subfield>
    <subfield code="p">3755</subfield>
    <subfield code="r">2026-05-07 07:54:57</subfield>
    <subfield code="w">2026-05-07</subfield>
    <subfield code="y">&#x643;&#x62A;&#x627;&#x628;</subfield>
  </datafield>
  <datafield tag="952" ind1=" " ind2=" ">
    <subfield code="0">0</subfield>
    <subfield code="1">0</subfield>
    <subfield code="2">ddc</subfield>
    <subfield code="4">0</subfield>
    <subfield code="7">0</subfield>
    <subfield code="a">fsecg</subfield>
    <subfield code="b">fsecg</subfield>
    <subfield code="d">2026-05-07</subfield>
    <subfield code="h">&#x627;&#x644;&#x637;&#x627;&#x628;&#x642; &#x627;&#x644;&#x623;&#x631;&#x636;&#x64A;</subfield>
    <subfield code="i">26769</subfield>
    <subfield code="l">0</subfield>
    <subfield code="o">&#x623;/2809&#x646;10</subfield>
    <subfield code="p">26769</subfield>
    <subfield code="r">2026-05-07 07:54:57</subfield>
    <subfield code="w">2026-05-07</subfield>
    <subfield code="y">&#x643;&#x62A;&#x627;&#x628;</subfield>
  </datafield>
  <datafield tag="952" ind1=" " ind2=" ">
    <subfield code="0">0</subfield>
    <subfield code="1">0</subfield>
    <subfield code="2">ddc</subfield>
    <subfield code="4">0</subfield>
    <subfield code="7">0</subfield>
    <subfield code="a">fsecg</subfield>
    <subfield code="b">fsecg</subfield>
    <subfield code="d">2026-05-07</subfield>
    <subfield code="h">&#x627;&#x644;&#x637;&#x627;&#x628;&#x642; &#x627;&#x644;&#x62B;&#x627;&#x646;&#x64A;</subfield>
    <subfield code="i">26770</subfield>
    <subfield code="l">0</subfield>
    <subfield code="o">&#x623;/2809&#x646;11</subfield>
    <subfield code="p">26770</subfield>
    <subfield code="r">2026-05-07 07:54:57</subfield>
    <subfield code="w">2026-05-07</subfield>
    <subfield code="y">&#x643;&#x62A;&#x627;&#x628;</subfield>
  </datafield>
  <datafield tag="952" ind1=" " ind2=" ">
    <subfield code="0">0</subfield>
    <subfield code="1">0</subfield>
    <subfield code="2">ddc</subfield>
    <subfield code="4">0</subfield>
    <subfield code="7">0</subfield>
    <subfield code="a">fsecg</subfield>
    <subfield code="b">fsecg</subfield>
    <subfield code="d">2026-05-07</subfield>
    <subfield code="h">&#x627;&#x644;&#x637;&#x627;&#x628;&#x642; &#x627;&#x644;&#x623;&#x631;&#x636;&#x64A;</subfield>
    <subfield code="i">3756</subfield>
    <subfield code="l">0</subfield>
    <subfield code="o">&#x623;/2809&#x646;2</subfield>
    <subfield code="p">3756</subfield>
    <subfield code="r">2026-05-07 07:54:57</subfield>
    <subfield code="w">2026-05-07</subfield>
    <subfield code="y">&#x643;&#x62A;&#x627;&#x628;</subfield>
  </datafield>
  <datafield tag="952" ind1=" " ind2=" ">
    <subfield code="0">0</subfield>
    <subfield code="1">0</subfield>
    <subfield code="2">ddc</subfield>
    <subfield code="4">0</subfield>
    <subfield code="7">0</subfield>
    <subfield code="a">fsecg</subfield>
    <subfield code="b">fsecg</subfield>
    <subfield code="d">2026-05-07</subfield>
    <subfield code="h">&#x627;&#x644;&#x637;&#x627;&#x628;&#x642; &#x627;&#x644;&#x623;&#x631;&#x636;&#x64A;</subfield>
    <subfield code="i">3757</subfield>
    <subfield code="l">0</subfield>
    <subfield code="o">&#x623;/2809&#x646;3</subfield>
    <subfield code="p">3757</subfield>
    <subfield code="r">2026-05-07 07:54:57</subfield>
    <subfield code="w">2026-05-07</subfield>
    <subfield code="y">&#x643;&#x62A;&#x627;&#x628;</subfield>
  </datafield>
  <datafield tag="952" ind1=" " ind2=" ">
    <subfield code="0">0</subfield>
    <subfield code="1">0</subfield>
    <subfield code="2">ddc</subfield>
    <subfield code="4">0</subfield>
    <subfield code="7">0</subfield>
    <subfield code="a">fsecg</subfield>
    <subfield code="b">fsecg</subfield>
    <subfield code="d">2026-05-07</subfield>
    <subfield code="h">&#x627;&#x644;&#x637;&#x627;&#x628;&#x642; &#x627;&#x644;&#x62B;&#x627;&#x646;&#x64A;</subfield>
    <subfield code="i">3758</subfield>
    <subfield code="l">0</subfield>
    <subfield code="o">&#x623;/2809&#x646;4</subfield>
    <subfield code="p">3758</subfield>
    <subfield code="r">2026-05-07 07:54:57</subfield>
    <subfield code="w">2026-05-07</subfield>
    <subfield code="y">&#x643;&#x62A;&#x627;&#x628;</subfield>
  </datafield>
  <datafield tag="952" ind1=" " ind2=" ">
    <subfield code="0">0</subfield>
    <subfield code="1">0</subfield>
    <subfield code="2">ddc</subfield>
    <subfield code="4">0</subfield>
    <subfield code="7">0</subfield>
    <subfield code="a">fsecg</subfield>
    <subfield code="b">fsecg</subfield>
    <subfield code="d">2026-05-07</subfield>
    <subfield code="h">&#x627;&#x644;&#x637;&#x627;&#x628;&#x642; &#x627;&#x644;&#x62B;&#x627;&#x646;&#x64A;</subfield>
    <subfield code="i">3759</subfield>
    <subfield code="l">0</subfield>
    <subfield code="o">&#x623;/2809&#x646;5</subfield>
    <subfield code="p">3759</subfield>
    <subfield code="r">2026-05-07 07:54:57</subfield>
    <subfield code="w">2026-05-07</subfield>
    <subfield code="y">&#x643;&#x62A;&#x627;&#x628;</subfield>
  </datafield>
  <datafield tag="952" ind1=" " ind2=" ">
    <subfield code="0">0</subfield>
    <subfield code="1">0</subfield>
    <subfield code="2">ddc</subfield>
    <subfield code="4">0</subfield>
    <subfield code="7">0</subfield>
    <subfield code="a">fsecg</subfield>
    <subfield code="b">fsecg</subfield>
    <subfield code="d">2026-05-07</subfield>
    <subfield code="h">&#x645;&#x643;&#x62A;&#x628;&#x629; &#x628;&#x646; &#x639;&#x643;&#x646;&#x648;&#x646;</subfield>
    <subfield code="i">3760</subfield>
    <subfield code="l">0</subfield>
    <subfield code="o">&#x623;/2809&#x646;6</subfield>
    <subfield code="p">3760</subfield>
    <subfield code="r">2026-05-07 07:54:57</subfield>
    <subfield code="w">2026-05-07</subfield>
    <subfield code="y">&#x643;&#x62A;&#x627;&#x628;</subfield>
  </datafield>
  <datafield tag="952" ind1=" " ind2=" ">
    <subfield code="0">0</subfield>
    <subfield code="1">0</subfield>
    <subfield code="4">0</subfield>
    <subfield code="7">0</subfield>
    <subfield code="a">fsecg</subfield>
    <subfield code="b">fsecg</subfield>
    <subfield code="d">2026-05-07</subfield>
    <subfield code="h">&#x645;&#x643;&#x62A;&#x628;&#x629; &#x628;&#x646; &#x639;&#x643;&#x646;&#x648;&#x646;</subfield>
    <subfield code="i">3761</subfield>
    <subfield code="l">0</subfield>
    <subfield code="o">&#x623;/2809&#x646;7</subfield>
    <subfield code="p">3761</subfield>
    <subfield code="r">2026-05-07 07:54:57</subfield>
    <subfield code="w">2026-05-07</subfield>
    <subfield code="y">&#x643;&#x62A;&#x627;&#x628;</subfield>
  </datafield>
  <datafield tag="952" ind1=" " ind2=" ">
    <subfield code="0">0</subfield>
    <subfield code="1">0</subfield>
    <subfield code="2">ddc</subfield>
    <subfield code="4">0</subfield>
    <subfield code="7">0</subfield>
    <subfield code="a">fsecg</subfield>
    <subfield code="b">fsecg</subfield>
    <subfield code="d">2026-05-07</subfield>
    <subfield code="h">&#x645;&#x643;&#x62A;&#x628;&#x629; &#x628;&#x646; &#x639;&#x643;&#x646;&#x648;&#x646;</subfield>
    <subfield code="i">3762</subfield>
    <subfield code="l">0</subfield>
    <subfield code="o">&#x623;/2809&#x646;8</subfield>
    <subfield code="p">3762</subfield>
    <subfield code="r">2026-05-07 07:54:57</subfield>
    <subfield code="w">2026-05-07</subfield>
    <subfield code="y">&#x643;&#x62A;&#x627;&#x628;</subfield>
  </datafield>
  <datafield tag="952" ind1=" " ind2=" ">
    <subfield code="0">0</subfield>
    <subfield code="1">0</subfield>
    <subfield code="2">ddc</subfield>
    <subfield code="4">0</subfield>
    <subfield code="7">-1</subfield>
    <subfield code="a">fsecg</subfield>
    <subfield code="b">fsecg</subfield>
    <subfield code="d">2026-05-07</subfield>
    <subfield code="h">&#x627;&#x644;&#x637;&#x627;&#x628;&#x642; &#x627;&#x644;&#x623;&#x631;&#x636;&#x64A;</subfield>
    <subfield code="i">26768</subfield>
    <subfield code="l">0</subfield>
    <subfield code="o">&#x623;/2809&#x646;9</subfield>
    <subfield code="p">26768</subfield>
    <subfield code="r">2026-05-07 07:54:57</subfield>
    <subfield code="w">2026-05-07</subfield>
    <subfield code="y">&#x643;&#x62A;&#x627;&#x628;</subfield>
  </datafield>
  <datafield tag="999" ind1=" " ind2=" ">
    <subfield code="c">44674</subfield>
    <subfield code="d">44674</subfield>
  </datafield>
</record>
